000 01027nam a2200265 4500
999 _c64223
_d64223
005 20240530110720.0
008 180321s2017 ua a g b 000 0 ara d
017 _a2017/3163
_bمصر. دار الكتب
020 _a9789776469358
040 _aEG-CaGPL
_cEG-CaGPL
082 0 4 _221
_a378.01\
_bم ج
100 0 _aمنى احمد عبدالرحمن
245 1 2 _aالجامعة المنتجة وريادة الاعمال :
_bالطريق الى التنمية /
_cاعداد منى احمد عبدالرحمن .
250 _aط.1
260 _aالقاهرة :
_bدار العلوم للنشر والتوزيع،
_c2017
300 _a437 ص. ؛
_c24 سم.
650 0 7 _2qrmak
_aالتعليم الجامعى
650 0 7 _2qrmak
_aجامعة حلوان
650 0 7 _2qrmak
_aالتعليم الجامعى
_zمصر
650 0 7 _2qrmak
_aمعهد ماساشوستس
650 0 7 _2qrmak
_aالجامعات والكليات
651 _2qrmak
942 _2ddc
_cBK